[Event "Ch Poland (juniors) (under 16)"]
[Site "masterchessopen.com – Murzasichle (Poland)"]
[Date "2011.03.11"]
[Round "8"]
[White "Latocha Aleksander (POL)"]
[Black "Nowicki Bartosz (POL)"]
[Result "0-1"]
[WhiteElo "1948"]
[BlackElo "2139"]

1.e4 c5 2.Nf3 d6 3.d4 cxd4 4.Nxd4 Nf6 5.Nc3 Nc6 6.Bc4 Qb6 7.Be3 Qxb2 8.Ndb5
Qb4 9.Qe2 Nxe4 10.a3 Qa5 11.Bd4 Nxd4 12.Qxe4 Nxb5 13.Bxb5+ Kd8 14.Qd4 Be6
15.a4 Rc8 16.Ra3 a6 17.Bd3 b5 18.O-O b4 19.Raa1 Rxc3 20.Qa7 Rc7 21.Qa8+ Bc8
22.Rfb1 e6 23.c4 Qc5 24.a5 Qc6 25.Qxc6 Rxc6 26.Rxb4 g6 {#R} 0-1

[Event "Ch UrFO (open)"]
[Site "masterchessopen.com – Cheliabinsk (Russia)"]
[Date "2011.03.22"]
[Round "5"]
[White "Rodionov Nikolai (RUS)"]
[Black "Shnayder Violetta (RUS)"]
[Result "1-0"]
[WhiteElo "1815"]
[BlackElo "1879"]

1.e4 c5 2.Nf3 Nc6 3.d4 cxd4 4.Nxd4 Nf6 5.Nc3 d6 6.Bc4 g6 7.Nxc6 bxc6 8.e5 Ng4
9.Bf4 Qb6 10.Qf3 Bf5 11.exd6 e5 12.d7+ Kxd7 13.Rd1+ Bd6 14.h3 Nxf2 15.Be3 Nxd1
16.Bxb6 Nxc3 17.bxc3 axb6 18.g4 Be6 19.Bxe6+ fxe6 20.Qf7+ Be7 21.O-O Rae8
22.Kg2 c5 23.Rd1+ Kc7 24.Qxe6 Bd8 25.Rd7+ Kb8 26.Qc6 {#r} 1-0

[Event "Tournament \"]
[Site "masterchessopen.com – St. Petersburg (Russia)"]
[Date "2011.03.25"]
[Round "3"]
[White "Solovjov Sergey I (RUS)"]
[Black "Palchun Grigory (RUS)"]
[Result "1-0"]
[WhiteElo "2398"]
[BlackElo "2194"]

1.e4 c5 2.Nf3 d6 3.d4 cxd4 4.Nxd4 Nf6 5.Nc3 Nc6 6.Bc4 Qb6 7.Be3 Qxb2 8.Ndb5
Qb4 9.Qe2 Nxe4 10.Bxf7+ Kxf7 11.Rb1 Qa5 12.Qc4+ e6 13.Qxe4 Qd8 14.O-O Qf6
15.Nd4 Nxd4 16.Bxd4 Qf5 17.Qe3 b6 18.Ne4 Be7 19.Ng3 Qd5 20.c4 Qc6 21.Qf4+ Kg8
22.Bxg7 Bb7 23.f3 Kxg7 24.Nh5+ Kg6 25.Qg4+ Bg5 26.Qxe6+ {#r} 1-0

[Event "Cup Gaudeamus"]
[Site "masterchessopen.com – Bucharest (Romania)"]
[Date "2011.03.26"]
[Round "3"]
[White "Barbu G"]
[Black "Gorunescu Nicolae-Gabriel (ROM)"]
[Result "1-0"]
[WhiteElo "1940"]
[BlackElo "1754"]

1.e4 c5 2.Nf3 d6 3.d4 cxd4 4.Nxd4 Nf6 5.Nc3 Nc6 6.Bc4 Bd7 7.Bg5 Nxd4 8.Qxd4 e5
9.Qd2 Bc6 10.Bxf6 Qxf6 11.Nd5 Qd8 12.O-O-O Rc8 13.f4 a6 14.Rhf1 f6 15.Bb3 a5
16.Qe2 Bxd5 17.Bxd5 Qb6 18.Qh5+ g6 19.Qh3 Rd8 20.Qe6+ Be7 21.Qf7+ Kd7 22.Be6+
Kc7 23.Qxe7+ Kb8 24.Bd5 Rc8 25.Rf3 Rc7 26.Qxf6 a4 27.Qxh8+ {#r} 1-0

[Event "Czech League 2010/11 (2nd) (a)"]
[Site "masterchessopen.com – Czech Republic"]
[Date "2011.03.27"]
[Round "10"]
[White "Staif Martin (CZE)"]
[Black "Krutina Miroslav (CZE)"]
[Result "0-1"]
[WhiteElo "2099"]
[BlackElo "1997"]

1.e4 c5 2.Nf3 Nc6 3.d4 cxd4 4.Nxd4 Nf6 5.Nc3 d6 6.Bc4 Qb6 7.Nb3 e6 8.O-O Be7
9.Be3 Qc7 10.f4 a6 11.a4 Nb4 12.Nd2 d5 13.exd5 exd5 14.Bb3 Bf5 15.Nf3 Rd8
16.Nd4 Bg4 17.Qe1 Bc8 18.Kh1 O-O 19.h3 Rfe8 20.Qg3 Bd6 21.Rad1 Nh5 22.Qf3 Rxe3
23.Qxh5 Bxf4 24.Nxd5 Nxd5 25.Bxd5 g6 26.Bxf7+ Qxf7 27.Qa5 Rf8 {#R} 0-1

[Event "Czech League 2010/11 (krajsky prebor)"]
[Site "masterchessopen.com – Czech Republic"]
[Date "2011.04.03"]
[Round "11"]
[White "Palas Ales (CZE)"]
[Black "Jacek Miloslav (CZE)"]
[Result "1-0"]
[WhiteElo "1976"]
[BlackElo "2027"]

1.e4 c5 2.Nf3 Nc6 3.d4 cxd4 4.Nxd4 Nf6 5.Nc3 d6 6.Bc4 Qb6 7.Nxc6 bxc6 8.O-O e6
9.Qe2 Be7 10.e5 dxe5 11.Qxe5 O-O 12.b3 Qc5 13.Qe2 Bb7 14.Bb2 Rfd8 15.Ne4 Nxe4
16.Qxe4 Qg5 17.f4 Bc5+ 18.Kh1 Qg6 19.f5 exf5 20.Rxf5 Rd7 21.Raf1 Rf8 22.Bd3
Bd6 23.Rg5 f5 24.Qc4+ {#r} 1-0

[Event "Ch Poland (for the Blind)"]
[Site "masterchessopen.com – Jastrzebia Gora (Poland)"]
[Round "10"]
[White "Chojnowski Marcin (POL)"]
[Black "Dukaczewski Piotr (POL)"]
[Result "0-1"]
[WhiteElo "2101"]
[BlackElo "2310"]

1.e4 c5 2.Nf3 Nc6 3.d4 cxd4 4.Nxd4 Nf6 5.Nc3 d6 6.Bc4 Qb6 7.Nb3 e6 8.O-O a6
9.Kh1 Be7 10.f4 O-O 11.Qe2 Qc7 12.a4 b6 13.Be3 Bb7 14.Rae1 Nb4 15.f5 Nxc2
16.Bxb6 Qxb6 17.Qxc2 Rac8 18.Nd2 e5 19.h3 Rfd8 20.b4 d5 21.exd5 Bxb4 22.Rb1 a5
23.Qb3 Qd4 {#R} 0-1

[Event "It (open)"]
[Site "masterchessopen.com – Teplice (Czech Republic)"]
[Date "2011.06.12"]
[Round "2"]
[White "Hadraba Vladimir (CZE)"]
[Black "Neuman Petr (CZE)"]
[Result "0-1"]
[WhiteElo "2225"]
[BlackElo "2463"]

1.e4 c5 2.Nf3 d6 3.d4 cxd4 4.Nxd4 Nf6 5.Nc3 Nc6 6.Bc4 Qb6 7.Nb3 e6 8.O-O Be7
9.a4 O-O 10.Be3 Qc7 11.Be2 Ne5 12.Nd2 Bd7 13.f4 Ng6 14.Nb5 Qb8 15.c4 Bc6
16.Qc2 Rc8 17.Nd4 Bd7 18.Qb3 e5 19.Nf5 Bxf5 20.exf5 Nxf4 21.Bxf4 exf4 22.Rxf4
d5 23.Raf1 Qe5 24.Qd3 Re8 25.Kh1 Rad8 26.Bd1 dxc4 27.Qc2 Bb4 {#R} 0-1

[Event "It (open)"]
[Site "masterchessopen.com – Karvina (Czech Republic)"]
[Date "2011.07.02"]
[Round "1"]
[White "Novosadova Kristyna (CZE)"]
[Black "Foltyn Mateusz (POL)"]
[Result "1-0"]
[WhiteElo "2055"]
[BlackElo "1483"]

1.e4 c5 2.Nf3 Nc6 3.d4 cxd4 4.Nxd4 d6 5.Nc3 Nf6 6.Bc4 g6 7.Nxc6 bxc6 8.e5 Ng4
9.e6 Ne5 10.exf7+ Nxf7 11.Bxf7+ Kxf7 12.Qf3+ Kg8 13.Bg5 d5 14.O-O-O Qc7
15.Nxd5 Qe5 16.Bf4 Qf5 17.Nc7 Rb8 18.Rd8 Kf7 19.Ne6 Bxe6 20.Rxb8 Bd5 21.Qe3
Bh6 22.Rb4 Rb8 23.Re1 Rxb4 24.Qxe7+ Kg8 25.Bxh6 {#r} 1-0

[Event "It \"]
[Site "masterchessopen.com – Hamburg (Germany)"]
[Date "2011.07.14"]
[Round "7"]
[White "Faika Michael (GER)"]
[Black "Schroeder Christoph (GER)"]
[Result "1-0"]
[WhiteElo "2119"]
[BlackElo "2220"]

1.Nc3 c5 2.Nf3 Nc6 3.d4 cxd4 4.Nxd4 d6 5.e4 Nf6 6.Bc4 Bd7 7.Be3 Ng4 8.O-O Nxe3
9.fxe3 Ne5 10.Qh5 g6 11.Qxe5 {#r} 1-0

[Event "It (open) (J-7rounds)"]
[Site "masterchessopen.com – Pardubice (Czech Republic)"]
[Date "2011.07.15"]
[Round "1"]
[White "Kirs Pavel (CZE)"]
[Black "Gutman Gennadi (UKR)"]
[Result "0-1"]
[WhiteElo "1815"]
[BlackElo "2493"]

1.e4 c5 2.Nf3 Nc6 3.d4 cxd4 4.Nxd4 Nf6 5.Nc3 d6 6.Bc4 e5 7.Nb3 Be6 8.Bd5 Be7
9.O-O O-O 10.Be3 a5 11.a4 Bxd5 12.exd5 Nb4 13.Bg5 Rc8 14.Bxf6 Bxf6 15.Nc1 g6
16.Nd3 Na6 17.Ne4 Bg7 18.Qd2 Rc4 19.Rfe1 f5 20.Nc3 Qb6 21.b3 Rxc3 22.Qxc3 e4
23.Qd2 Bxa1 {#R} 0-1

[Event "It (open)"]
[Site "masterchessopen.com – Split (Croatia)"]
[Date "2011.08.10"]
[Round "6"]
[White "Matas Zdravko (CRO)"]
[Black "Susak Zeljko (CRO)"]
[Result "0-1"]
[WhiteElo "2016"]
[BlackElo "2191"]

1.e4 c5 2.Nf3 Nc6 3.d4 cxd4 4.Nxd4 Nf6 5.Nc3 d6 6.Bc4 Qb6 7.Nxc6 bxc6 8.O-O e5
9.Rb1 Be7 10.Kh1 O-O 11.f4 Be6 12.Be2 exf4 13.Bxf4 Qc7 14.Qd3 Nd7 15.Qg3 Ne5
16.b3 Ng6 17.Rbd1 Rad8 18.Rd3 Bh4 19.Qe3 Bf6 20.Rfd1 Nxf4 {#R} 0-1

[Event "It (open) (b)"]
[Site "masterchessopen.com – Mislata (Spain)"]
[Date "2011.08.16"]
[Round "3"]
[White "Segarra Martinez Axel (ESP)"]
[Black "Bixquert Jimenez Francisco (ESP)"]
[Result "1-0"]
[WhiteElo "2109"]
[BlackElo "1935"]

1.e4 c5 2.Nf3 Nc6 3.d4 cxd4 4.Nxd4 Nf6 5.Nc3 d6 6.Bc4 Qb6 7.Nb3 e6 8.Be3 Qc7
9.f3 a6 10.g4 Be7 11.Qd2 Nd7 12.O-O-O b5 13.Be2 Bb7 14.h4 O-O-O 15.a4 b4
16.Na2 Nc5 17.Kb1 Nxa4 18.Nxb4 Nc5 19.Nxc6 Qxc6 20.Na5 Qa4 21.b3 Qe8 22.Qb4
Rd7 23.e5 Nxb3 24.Qxb3 Bd8 25.Nxb7 {#r} 1-0

[Event "It (open)"]
[Site "masterchessopen.com – Amantea (Italy)"]
[Date "2011.09.11"]
[Round "9"]
[White "Rizzardi Franco (ITA)"]
[Black "Van Eijk Sander (NED)"]
[Result "0-1"]
[WhiteElo "2005"]
[BlackElo "2372"]

1.e4 c5 2.Nf3 Nc6 3.d4 cxd4 4.Nxd4 Nf6 5.Nc3 d6 6.Bc4 Qb6 7.Ndb5 a6 8.Be3 Qa5
9.Nd4 Ng4 10.Nxc6 bxc6 11.Bc1 g6 12.O-O Qe5 13.g3 Qh5 14.h4 g5 15.Bxg5 Rg8
16.Bc1 Bg7 17.Ne2 Ne5 18.Bd3 Bg4 19.f3 Nxf3+ 20.Kg2 Ne5 21.Bf4 Bf3+ 22.Kg1
Nxd3 23.cxd3 Bd4+ {#R} 0-1

[Event "Regionalliga SVM 2011/12"]
[Site "masterchessopen.com – Germany"]
[Date "2011.10.02"]
[Round "2"]
[White "Schmidt Martin (GER)"]
[Black "Rieber Ingo"]
[Result "1-0"]
[WhiteElo "2242"]
[BlackElo "1846"]

1.e4 c5 2.Nc3 Nc6 3.Nf3 d6 4.d4 cxd4 5.Nxd4 Nf6 6.Bc4 g6 7.Nxc6 bxc6 8.e5 Nd7
9.exd6 exd6 10.O-O Ne5 11.Qe2 Be7 12.Bh6 Bg4 13.f3 Qb6+ 14.Be3 Qxb2 15.Bd4 Be6
16.Bxe6 fxe6 17.Rab1 Qa3 18.f4 c5 19.Nb5 Qxa2 20.fxe5 cxd4 21.Nc7+ Kd7 22.Qb5+
{#r} 1-0

[Event "It (open) (b)"]
[Site "masterchessopen.com – Winterthur (Switzerland)"]
[Date "2011.10.09"]
[Round "2"]
[White "Nydegger Charles (SUI)"]
[Black "Stoffregen Guenter (SUI)"]
[Result "0-1"]
[WhiteElo "1814"]
[BlackElo "1888"]

1.e4 c5 2.Nf3 Nc6 3.d4 cxd4 4.Nxd4 Nf6 5.Nc3 d6 6.Bc4 a6 7.O-O e6 8.Be3 Qc7
9.Qe2 b5 10.Bd3 Bb7 11.f4 Be7 12.a3 O-O 13.f5 Qd7 14.Qf3 Ne5 15.Qh3 Nxd3
16.cxd3 e5 17.Nf3 Rac8 18.Rad1 Qc7 19.Bf2 d5 20.exd5 Nxd5 21.Ne4 Nf4 {#R} 0-1

[Event "Memorial Oliver Gonzalez (open)"]
[Site "masterchessopen.com – Madrid (Spain)"]
[Date "2011.10.15"]
[Round "8"]
[White "Montoya Pecurul Marc (ESP)"]
[Black "Lopez De Turiso Jose Angel (ESP)"]
[Result "1-0"]
[WhiteElo "1776"]
[BlackElo "2084"]

1.e4 c5 2.Nf3 Nc6 3.d4 cxd4 4.Nxd4 Nf6 5.Nc3 d6 6.Bc4 e5 7.Nde2 Be6 8.Bb3 Be7
9.O-O h6 10.h3 O-O 11.f4 Qa5 12.Be3 Rfd8 13.f5 Bxb3 14.axb3 Qc7 15.Ng3 Nb4
16.Nh5 Nxh5 17.Qxh5 d5 18.f6 Bf8 19.fxg7 Bxg7 20.Nb5 Qxc2 21.Rxf7 Qxe4 22.Re1
Qh7 23.Nc7 Rf8 24.Ref1 Rae8 25.Bc5 Nd3 26.Nxe8 Nf4 27.R1xf4 {#r} 1-0

[Event "Ch City (open)"]
[Site "masterchessopen.com – Skopje (Macedonia)"]
[Date "2011.12.03"]
[Round "1"]
[White "Gjeorgjievski Done (MKD)"]
[Black "Dancevski Orce (MKD)"]
[Result "0-1"]
[WhiteElo "1815"]
[BlackElo "2381"]

1.e4 c5 2.Nf3 d6 3.d4 cxd4 4.Nxd4 Nf6 5.Nc3 Nc6 6.Bc4 Bd7 7.Be3 Ng4 8.Qe2 Nxe3
9.Qxe3 g6 10.O-O-O Bg7 11.Nxc6 bxc6 12.f4 O-O 13.Bb3 Qb6 14.Qf3 a5 15.g4 a4
16.Bc4 Qb4 17.Qd3 Rfb8 18.f5 Bh6+ 19.Rd2 Qxb2+ 20.Kd1 Qa1+ 21.Ke2 Qxh1 22.Qh3
Bxd2 23.Bxf7+ Kg7 24.g5 Qe1+ 25.Kd3 Qe3+ {#R} 0-1

[Event "It (open) (b)"]
[Site "masterchessopen.com – Krakow (Poland)"]
[Round "5"]
[White "Jedras Piotr"]
[Black "Muhtarov Leonid (UKR)"]
[Result "1-0"]
[WhiteElo "1977"]
[BlackElo "2093"]

1.e4 c5 2.Nf3 Nc6 3.d4 cxd4 4.Nxd4 Nf6 5.Nc3 d6 6.Bc4 Qb6 7.Nb3 e6 8.Be3 Qc7
9.Qe2 a6 10.O-O-O Be7 11.f4 b5 12.Bd3 O-O 13.g4 Bb7 14.g5 Nd7 15.Rhg1 Nb4
16.Bd4 Nxd3+ 17.Rxd3 b4 18.Qh5 Rfc8 19.Rh3 Bxe4 20.g6 Nf6 21.gxh7+ Bxh7
22.Rxg7+ Kxg7 23.Qh6+ Kg8 24.Bxf6 {#r} 1-0

[Event "Memorial G.Agzamov (open)"]
[Site "masterchessopen.com – Tashkent (Uzbekistan)"]
[Date "2012.03.11"]
[Round "6"]
[White "Begmuratov Alisher (UZB)"]
[Black "Ziatdinov Raset (USA)"]
[Result "0-1"]
[WhiteElo "2095"]
[BlackElo "2368"]

1.e4 c5 2.Nf3 Nc6 3.d4 cxd4 4.Nxd4 Nf6 5.Nc3 d6 6.Bc4 Qb6 7.Nb3 e6 8.Bg5 a6
9.O-O Bd7 10.a4 Rc8 11.a5 Qc7 12.Bxf6 gxf6 13.f4 h5 14.f5 Ne5 15.fxe6 fxe6
16.Be2 Ke7 17.Nd4 Qc5 18.Kh1 Ng4 19.Qd3 Bh6 20.Na4 Qxa5 21.b4 Qe5 22.Nf3 Nf2+
23.Rxf2 Qxa1+ 24.Rf1 Qxa4 25.Nh4 Be8 {#R} 0-1

[Event "Ch Hessen (a)"]
[Site "masterchessopen.com – Offenbach (Germany)"]
[Date "2012.04.05"]
[Round "2"]
[White "Kolker Vladislav (GER)"]
[Black "Rutsatz Mario"]
[Result "1-0"]
[WhiteElo "2045"]
[BlackElo "2056"]

1.e4 c5 2.Nf3 d6 3.d4 cxd4 4.Nxd4 Nf6 5.Nc3 Nc6 6.Bc4 Qb6 7.Nb3 e6 8.O-O Be7
9.Be3 Qc7 10.f4 O-O 11.Qf3 a6 12.a3 b5 13.Bd3 Bb7 14.Qh3 e5 15.Nd5 Qc8 16.f5
Nxd5 17.exd5 Nd4 18.Nxd4 exd4 19.Bxd4 Bxd5 20.Rae1 Bf6 21.Bxf6 gxf6 22.Rf4 Re8
23.Rg4+ Kh8 24.Rxe8+ Qxe8 25.Qh6 {#r} 1-0

[Event "It \"]
[Site "masterchessopen.com – Bogota (Colombia)"]
[Date "2012.04.06"]
[Round "5"]
[White "Barrientos Sergio (COL)"]
[Black "Pinzon Jairo David (COL)"]
[Result "1-0"]
[WhiteElo "2519"]
[BlackElo "2210"]

1.e4 c5 2.Nf3 d6 3.d4 cxd4 4.Nxd4 Nf6 5.Nc3 Nc6 6.Bc4 Qb6 7.Nb3 e6 8.Bf4 Ne5
9.Be2 a6 10.g4 Be7 11.g5 Nfd7 12.Qd2 Qc7 13.a4 Nb6 14.Bg3 Bd7 15.Qd4 O-O 16.a5
Nbc4 17.f4 Rac8 18.fxe5 Nxe5 19.h4 f6 20.O-O-O Nc6 21.Qb6 fxg5 22.Qxc7 Rxc7
23.Bxd6 Bxd6 24.Rxd6 {#r} 1-0

[Event "Ch France (juniors) (under 18)"]
[Site "masterchessopen.com – Nimes (France)"]
[Date "2012.04.14"]
[Round "1"]
[White "Sentis Maxime (FRA)"]
[Black "Barbot Pierre (FRA)"]
[Result "0-1"]
[WhiteElo "1795"]
[BlackElo "2261"]

1.e4 c5 2.Nf3 Nc6 3.d4 cxd4 4.Nxd4 Nf6 5.Nc3 d6 6.Bc4 Qb6 7.Nb3 e6 8.Be3 Qc7
9.f4 a6 10.a4 Nb4 11.Qe2 Nxc2+ 12.Qxc2 Qxc4 13.a5 Bd7 14.O-O-O Rc8 15.Rd4 Qc7
16.h3 Bc6 17.Rc4 Be7 18.g4 O-O 19.Rg1 Qb8 20.g5 Nd7 21.Kb1 Rfe8 22.h4 Bf8
23.Bc1 b5 24.Rd4 b4 25.Na2 d5 26.Qd2 Ba4 27.Qe3 Bxb3 {#R} 0-1

[Event "It (open)"]
[Site "masterchessopen.com – Skopje (Macedonia)"]
[Date "2012.04.14"]
[Round "9"]
[White "Todorovic Goran M (SRB)"]
[Black "Nikolova Adriana (BUL)"]
[Result "1-0"]
[WhiteElo "2509"]
[BlackElo "2296"]

1.e4 c5 2.Nf3 d6 3.d4 cxd4 4.Nxd4 Nf6 5.Nc3 Nc6 6.Bc4 Qb6 7.Nb3 e6 8.Bf4 Ne5
9.Be2 Bd7 10.g4 h6 11.Rg1 a6 12.h4 Qc7 13.g5 hxg5 14.hxg5 Ng8 15.Qd4 Ne7
16.O-O-O N7c6 17.Qd2 Na5 18.Nxa5 Qxa5 19.Rge1 Bc6 20.Qd4 {#r} 1-0

[Event "It (open)"]
[Site "masterchessopen.com – Utrecht (Netherlands)"]
[Date "2012.06.10"]
[Round "6"]
[White "Dijkhuis Tycho (NED)"]
[Black "Gerlich Remco (NED)"]
[Result "1-0"]
[WhiteElo "1969"]
[BlackElo "2022"]

1.e4 c5 2.Nf3 Nc6 3.d4 cxd4 4.Nxd4 Nf6 5.Nc3 d6 6.Bc4 Qb6 7.Ndb5 a6 8.Be3 Qd8
9.Nd4 Ng4 10.O-O Nce5 11.Bb3 Nxe3 12.fxe3 Bg4 13.Bxf7+ Nxf7 14.Qxg4 Ne5 15.Qg3
Qd7 16.Nd5 Ra7 17.Ne6 b5 18.Nxf8 Rxf8 19.Qxg7 {#r} 1-0

[Event "It \"]
[Site "masterchessopen.com – Pardubice (Czech Republic)"]
[Date "2012.07.13"]
[Round "1"]
[White "Kotlant Tomas (CZE)"]
[Black "Gutman Gennadi (UKR)"]
[Result "0-1"]
[WhiteElo "1745"]
[BlackElo "2493"]

1.e4 c5 2.Nf3 d6 3.d4 cxd4 4.Nxd4 Nf6 5.Nc3 Nc6 6.Bc4 e5 7.Nb3 Be6 8.Bxe6 fxe6
9.Bg5 a6 10.O-O Be7 11.Bxf6 Bxf6 12.Qg4 Qe7 13.Rad1 O-O 14.a3 Rac8 15.Rd3 Nd4
16.Rfd1 Rc6 17.Na5 Rc7 18.Nb3 g6 19.Rc1 Bg5 20.Nd2 b5 21.Rd1 Rf4 22.Qh3 Rh4
{#R} 0-1

[Event "It (open)"]
[Site "masterchessopen.com – Amsterdam (Netherlands)"]
[Date "2012.07.14"]
[Round "1"]
[White "Afek Yochanan (ISR)"]
[Black "Riemens Albert (NED)"]
[Result "1-0"]
[WhiteElo "2293"]
[BlackElo "2123"]

1.e4 c5 2.Nf3 d6 3.d4 cxd4 4.Nxd4 Nf6 5.Nc3 Nc6 6.Bc4 Na5 7.Be2 g6 8.f4 Bg7
9.e5 dxe5 10.fxe5 Nh5 11.g4 Bxe5 12.Bb5+ Kf8 13.gxh5 Bxd4 14.Bh6+ Kg8 15.Qf3
Be6 16.O-O-O Qb6 17.Nd5 Bxd5 18.Qxd5 Be3+ 19.Bxe3 Qxe3+ 20.Kb1 e6 21.Qd7 Kg7
22.Rhf1 Rhf8 23.Rd3 Qe5 24.Rdf3 Kg8 25.Rxf7 Rad8 26.h6 {#r} 1-0

[Event "Ch Paris (open) (a)"]
[Site "masterchessopen.com – Paris (France)"]
[Date "2012.07.14"]
[Round "8"]
[White "Ainutdinov Alexander (KAZ)"]
[Black "Castro John (FRA)"]
[Result "0-1"]
[WhiteElo "2054"]
[BlackElo "2183"]

1.e4 c5 2.Nf3 Nc6 3.d4 cxd4 4.Nxd4 Nf6 5.Nc3 d6 6.Bc4 Bd7 7.O-O g6 8.h3 Bg7
9.Be3 O-O 10.Re1 Rc8 11.Bf1 a6 12.a4 Qc7 13.Nd5 Nxd5 14.exd5 Na5 15.b3 b5
16.Rc1 Rfe8 17.c4 Qb8 18.Qd2 Nb7 19.cxb5 axb5 20.Bxb5 Bxb5 21.Nxb5 Nc5 22.Na3
Qb4 23.Nc4 Na6 24.Nb6 Rc3 25.Nc4 Nc5 26.Bd4 Rxc1 27.Qxb4 Nd3 {#R} 0-1